Normal view
MARC view
- التربية-التعليم قبل المدرسة-أساليب التدريس
Entry Topical Term
001 - CONTROL NUMBER
- control field: 43084
003 - CONTROL NUMBER IDENTIFIER
- control field: JO-AjAnu
005 - DATE AND TIME OF LATEST TRANSACTION
- control field: 20230606081137.0
008 - FIXED-LENGTH DATA ELEMENTS
- fixed length control field: 230606|| aca||aabn | a|a d
040 ## - CATALOGING SOURCE
- Original cataloging agency: JO-AjAnu
- Transcribing agency: JO-AjAnu
150 ## - HEADING--TOPICAL TERM
- Topical term or geographic name entry element: التربية-التعليم قبل المدرسة-أساليب التدريس
670 ## - SOURCE DATA FOUND
- Source citation: Work cat.: (JO-AjAnu)22064: الدويري،ميسون أحمد تأليف/القضاة،بسام محمد, author 43083, دليل التربية العملية في الطفولة المبكرة